| 000 | 00412cam a2200181 4500 | ||
|---|---|---|---|
| 001 | D8560 | ||
| 008 | 090401t1981 xxu||||| |||| 00| 0 eng d | ||
| 035 | _a(Sirsi) u13735 | ||
| 041 | _aeng | ||
| 050 | _a658.4 | ||
| 100 | _aScott, Bill | ||
| 245 | 4 | _aThe skills of negotiating | |
| 260 |
_aAldershot _bGower Press _c1981 |
||
| 300 | _axi. 230p. 22cm | ||
| 350 | _a13.95 | ||
| 942 | _n0 | ||
| 948 | _c04/03/1997 | ||
| 999 |
_c87137 _d87137 |
||